Statystyki dla Państwa olimpijskie w łyżwiarstwie figurowym

Kliknij tutaj aby rozwiązać quiz!

Ogólne statystyki

  • Ten quiz został rozwiązany 294 razy
  • Średni wynik to 18 z 24

Statystyki odpowiedzi

ZłotoSrebroBrązowyKraj% Poprawnych
151620Stany Zjednoczone
99%
15113Rosja
97%
61112Kanada
96%
337Francja
90%
331Japonia
90%
532Szwecja
90%
110Finlandia
86%
879Niemcy (Zachód i wschód)
86%
321Norwegia
86%
134Chiny
85%
002Włochy
83%
537Wielka Brytania
78%
794Austria
76%
001Hiszpania
73%
110Korea Południowa
73%
021Szwajcaria
73%
101Ukraina
73%
120Holandia
68%
101Belgia
60%
13106Związek Radziecki
51%
024Węgry
50%
100Imperium Rosyjskie
44%
113Czechosłowacja
39%
001Kazachstan
37%

Rozkład punktacji

Percentyl według liczby udzielonych odpowiedzi

Procent ludzi z każdym wynikiem

Twoja historia wyników

Nie rozwiązałeś tego quizu